Library Banner

Leadership for a better world : (Record no. 103909)

MARC details
000 -LEADER
fixed length control field 01470cam a2200265 a 4500
001 - CONTROL NUMBER
control field 15622474
005 - DATE AND TIME OF LATEST TRANSACTION
control field 20260617152240.0
008 - FIXED-LENGTH DATA ELEMENTS--GENERAL INFORMATION
fixed length control field 090212s2009 caua b 001 0 eng
020 ## - INTERNATIONAL STANDARD BOOK NUMBER
International Standard Book Number 9780470449493
040 ## - CATALOGING SOURCE
Transcribing agency PK-LaUMT
082 T0 - DEWEY DECIMAL CLASSIFICATION NUMBER
Classification number 378.101
Item number KOM-L
100 1# - MAIN ENTRY--PERSONAL NAME
Personal name Komives, Susan R.
245 10 - TITLE STATEMENT
Title Leadership for a better world :
Remainder of title understanding the social change model of leadership development /
Statement of responsibility, etc Susan R. Komives and Wendy Wagner
260 ## - PUBLICATION, DISTRIBUTION, ETC. (IMPRINT)
Place of publication, distribution, etc San Francisco :
Name of publisher, distributor, etc Jossey-Bass,
Date of publication, distribution, etc 2009
300 ## - PHYSICAL DESCRIPTION
Extent xxxiv, 462 p. :
Other physical details ill. ;
Dimensions 23 cm.
500 ## - GENERAL NOTE
General note Includes bibliographical references and index.
520 ## - SUMMARY, ETC.
Summary, etc This book offers an approachable student textbook that engages the reader in understanding the nature of social change and the dimensions of leadership that help one become an effective change agent. The text includes case studies, reflection questions, and learning activities to help facilitate engagement with the Social Change Model of Leadership Development that is at the core of the book. Written and edited by some of the country's most recognized and active scholars and educators in student leadership, the book has been field-tested by leadership faculty
546 ## - LANGUAGE NOTE
Language note Eng
650 #0 - SUBJECT ADDED ENTRY--TOPICAL TERM
Topical term or geographic name as entry element Universities and colleges
General subdivision Administration.
650 #0 - SUBJECT ADDED ENTRY--TOPICAL TERM
Topical term or geographic name as entry element College administrators
General subdivision Professional relationships.
650 #0 - SUBJECT ADDED ENTRY--TOPICAL TERM
Topical term or geographic name as entry element Educational leadership.
650 #0 - SUBJECT ADDED ENTRY--TOPICAL TERM
Topical term or geographic name as entry element Social change.
700 1# - ADDED ENTRY--PERSONAL NAME
Personal name Wagner, Wendy
942 ## - ADDED ENTRY ELEMENTS (KOHA)
Koha item type Books
Holdings
Withdrawn status Lost status Damaged status Home library Current library Date acquired Full call number Barcode Date last seen Price effective from Koha item type Copy number
      UMT Main Campus UMT Main Campus 2018-03-15 378.101 KOM-L 120255 2018-05-14 2018-03-15 Books  
      UMT Main Campus UMT Main Campus 2026-06-17 378.101 KOM-L 152998 2026-06-17 2026-06-17 Books C.2